| 000 | 00709nam a2200205Ia 4500 | ||
|---|---|---|---|
| 008 | 140609s9999 xx 000 0 und d | ||
| 020 | _a9781259010262 | ||
| 050 |
_aLB 1028 _b.F665 2012 |
||
| 100 | _aFraenkel, Jack R. | ||
| 245 |
_aHow to design and evaluate research in education / _cJack Fraenkel, Norman Wallen, Helen, Hyun |
||
| 250 | _a8th ed. | ||
| 260 |
_aNew York : _bMcGraw-Hill Humanities/Social Sciences/Languages, _cc2012. |
||
| 300 |
_a642 p. : _bcol. ill. ; _c26 cm. |
||
| 500 | _aIncludes bibliographical references, appendix, glossary and index. | ||
| 521 | _aGE | ||
| 650 | _aProposal writing in educational research. | ||
| 650 | _aResearch. | ||
| 942 |
_kFOR _cBK |
||
| 999 |
_c117984 _d117984 |
||